| 000 | 00832cam a2200277 4500 | ||
|---|---|---|---|
| 001 | 427 | ||
| 003 | BD-RjUL | ||
| 005 | 20211208233157.0 | ||
| 008 | 740319r19801974mnua b 001 0 eng | ||
| 020 | _a0829900039 | ||
| 035 | _a(BD-RjUL) 444 | ||
| 040 |
_aDLC _cDLC _dDLC _beng |
||
| 041 | _aeng | ||
| 082 | 0 | 0 |
_a658.054 _bMAN |
| 245 | 0 | 0 |
_aManaging the data resource function / _cedited by Richard L. Nolan. |
| 260 |
_aSt. Paul, _bWest Pub. Co. _cc1974 [Reprent 1980] |
||
| 300 |
_aviii, 394 p. _billus. _c24 cm. |
||
| 504 | _aIncludes bibliographical references. | ||
| 526 | _bManagement | ||
| 650 | 0 |
_aElectronic data processing departments _xManagement. _91329 |
|
| 650 | 0 |
_aManagement information systems. _91330 |
|
| 700 |
_aNolan, Richard L. _91331 |
||
| 942 |
_2ddc _cBK |
||
| 999 |
_c427 _d427 |
||